000 00282nam a2200109Ia 4500
008 190919s9999||||xx |||||||||||||| ||und||
100 _aLin, Chlamtac
245 0 _aWireless and Mobile Network Architecture
260 _aLahore
_bTata McGraw Hill
_c2004
300 _a988
942 _cBK
999 _c11421
_d11421